| 000 | 00371nam a2200133Ia 4500 | ||
|---|---|---|---|
| 005 | 20260328101448.0 | ||
| 008 | 260328s9999||||xx |||||||||||||| ||und|| | ||
| 100 | _aCantini Ardila, Jorge Ernesto | ||
| 245 | 0 |
_aPietro Cantini : _b Semblanza de un Arquitecto / _cJorge Ernesto Cantini Ardila |
|
| 260 | _bPresencia | ||
| 300 | _a318 p. | ||
| 650 | _aARQUITECTOS | ||
| 942 | _cBK | ||
| 999 |
_c8543 _d8543 |
||